zpět

Detail výsledku týmu

The PUB Praha 6 PO, Praha

Datum a čas kvízu

38.5 Celkem bodů Celkový počet nahraných bodů na tomto kvízu bez doplňovacích otázek.
4. Pořadí na kvízu Konečné umístění týmu na tomto kvízu.

Zaznamenané odpovědi

# Otázka Odpověď Body Výsledky
1. Které všeobecně známé tradiční... pochodu Praha - Prčice 1
2. Odvolací soud ve středu potvrd... Nicolas Sarkozy 1
3. Minulý týden jsme se dozvěděli... na Staroměstském orloji 1
4. Staropramen minulý týden předs... Orlando Bloom 1
5. Který zápasník o víkendu poraz... Patrik Kincl 1
6. Ve třetím díle našeho cyklu si... T - 1000 1
7. Kriminální drama s prvky černé... 1C 2B 3D 4A 1
8. Kdo z níže uvedených označil f... C 1
9. Dalším v pořadí je první díl J... Liv Tyler, Aerosmith 1
10. Patnáctku nejlepších filmů uza... Nový Zéland 1